00505nam a22001697a 450000500170000001000130001702000260003003700330005608200120008910000270010124500610012825000080018926000510019727000470024830000300029550000100032520220923124940.0 aB-765678 a9788120344921c450.00 bPHI Learning Private Limited a330.156 a Pailwar, Keshav Veena aEconomic Environment of Business/cVeena Keshav Pailwar  a3rd aNew DelhibPHI Learining Priate Limited c2012 aM-97, Connaught Circus bNew Delhie110001 axxv,485pbill.c23cm (pb) aIndex